Administración de recursos humanos (Registro nro. 4869)
[ vista simple ]
| 000 -LEADER | |
|---|---|
| fixed length control field | 01721 a2200277 4500 |
| 001 - CONTROL NUMBER | |
| control field | 49691 |
| 005 - DATE AND TIME OF LATEST TRANSACTION | |
| control field | 20260407155758.0 |
| 008 - FIXED-LENGTH DATA ELEMENTS--GENERAL INFORMATION | |
| fixed length control field | 260407a2018 arg spa d |
| 003 - CONTROL NUMBER IDENTIFIER | |
| control field | AR-UNSa-BCEJYS |
| 040 ## - CATALOGING SOURCE | |
| Original cataloging agency | AR-UNSa-BCEJYS |
| Language of cataloging | spa |
| Transcribing agency | AR-UNSa-BCEJYS |
| 080 ## - UNIVERSAL DECIMAL CLASSIFICATION NUMBER | |
| Universal Decimal Classification number | 658.3 |
| Common auxiliary subdivision | Personal. Relaciones humanas en la empresa (Recursos Humanos) |
| 020 ## - INTERNATIONAL STANDARD BOOK NUMBER | |
| International Standard Book Number | 978-607-526-526-1 |
| 041 ## - LANGUAGE CODE | |
| Language code of text/sound track or separate title | spa |
| 100 1# - MAIN ENTRY--PERSONAL NAME | |
| Personal name | Bohlander, George W. |
| 245 10 - TITLE STATEMENT | |
| Title | Administración de recursos humanos |
| 250 ## - EDITION STATEMENT | |
| Edition statement | 17a. ed |
| 264 #1 - PRODUCTION, PUBLICATION, DISTRIBUTION, MANUFACTURE, AND COPYRIGHT NOTICE | |
| Place of production, publication, distribution, manufacture | México : |
| Name of producer, publisher, distributor, manufacturer | Cengage Learning Editores |
| Date of production, publication, distribution, manufacture, or copyright notice | 2018 |
| 300 ## - PHYSICAL DESCRIPTION | |
| Extent | xxx, 706 p. |
| Dimensions | 27 cm. |
| 505 ## - FORMATTED CONTENTS NOTE | |
| Formatted contents note | 1. Desafíos y recompensas de la administración de recursos humanos - 2. Estrategia y planeación de recursos humanos - - 3. Igualdad de oportunidades de empleo y administración de recursos humanos - 4. Análisis y diseño de puestos - 5. Ampliación de la reserva de talento: reclutamiento y carreras - 6. Selección de empleados - 7. Capacitación y desarrollo - 8. Administración del desempeño - 9. Administración de la compensación - 10. Pago por desempeño: recompensas para incentivar - 11. Beneficios y prestaciones para los empleados - 12. Promoción de la higiene y la seguridad - 13. Derechos y disciplina de los empleados - 14. Dinámica de las relaciones laborales - 15. Administración internacional de recursos humanos - 16. Implementación de la estrategia de recursos humanos: sistemas de trabajo de alto desempeño. |
| 590 ## - LOCAL NOTE (RLIN) | |
| Local note | niveau_biblio:m niveau_hierar:0 |
| 700 1# - ADDED ENTRY--PERSONAL NAME | |
| Personal name | Snell, Scott A. |
| 700 1# - ADDED ENTRY--PERSONAL NAME | |
| Personal name | García Álvarez, Consuelo |
| 700 1# - ADDED ENTRY--PERSONAL NAME | |
| Personal name | Morris, Shad S. |
| 856 41 - ELECTRONIC LOCATION AND ACCESS | |
| Uniform Resource Identifier | <a href="https://www.biblioeco.unsa.edu.ar/pmb/images/libros/L128153.jpg">https://www.biblioeco.unsa.edu.ar/pmb/images/libros/L128153.jpg</a> |
| Link text | Imagen de portada |
| Electronic format type | image/jpeg |
| 942 ## - ADDED ENTRY ELEMENTS (KOHA) | |
| Koha item type | |
| Withdrawn status | Lost status | Damaged status | Not for loan | Home library | Current library | Shelving location | Date acquired | Total checkouts | Full call number | Barcode | Date last seen | Price effective from | Koha item type |
|---|---|---|---|---|---|---|---|---|---|---|---|---|---|
| Biblioteca Prof. Eusebio Cleto del Rey | Biblioteca Prof. Eusebio Cleto del Rey | 07/04/2026 | 658.3 B676 17ed. | L128153 | 07/04/2026 | 07/04/2026 | Libro | ||||||
| Biblioteca Prof. Eusebio Cleto del Rey | Biblioteca Prof. Eusebio Cleto del Rey | 07/04/2026 | 658.3 B676 17ed. | L128154 | 07/04/2026 | 07/04/2026 | Libro |